000
00245nam a22000857a 4500
008
160702b xxu||||| |||| 00| 0 eng d
100
_9
1764
_a
Gupta, R.G., et al
245
_a
Laboratory Manual Mathematics
260
_a
New Delhi
_b
Arya Publication
_c
2004
999
_c
1468
_d
1468